[Event "VIE-ch U07 Girls"]
[Site "Ho Chi Minh City"]
[Date "2014.07.17"]
[Round "7"]
[White "Trinh, Ngoc Nhu Thao"]
[Black "Ly, Nguyen Ngoc Tran"]
[Result "0-1"]
[WhiteElo "1425"]
[BlackElo "1420"]
[PlyCount "50"]
[EventDate "2014.07.13"]
[EventType "swiss"]
[EventRounds "9"]
[EventCountry "VIE"]
[SourceTitle "EXT 2016"]
[Source "ChessBase"]
[SourceDate "2015.10.08"]
[SourceVersion "1"]
[SourceVersionDate "2015.10.08"]
[SourceQuality "1"]

1. e4 e5 2. Nf3 Nc6 3. Nc3 Nf6 4. Bc4 Nxe4 5. Nxe4 d5 6. Bb3 dxe4 7. Qe2 Bc5 8. Qc4 0-0 9. Qxc5 exf3 10. d3 fxg2 11. Rg1 Qe8 12. Kd1 e4 13. Kd2 Bg4 14. Kc3 b6 15. Qe3 Ne5 16. Rxg2 Qc6+ 17. Kd2 exd3 18. Qxe5 Qxg2 19. Bd5 Qxf2+ 20. Kc3 Qxc2+ 21. Kb4 c5+ 22. Kb5 a6+ 23. Kc6 Qa4+ 24. Kd6 Rad8+ 25. Ke7 Qd7# 0-1

[Event "VIE-ch U07 Girls"]
[Site "Ho Chi Minh City"]
[Date "2014.07.13"]
[Round "2"]
[White "Trinh, Ngoc Nhu Thao"]
[Black "Dinh, Nguyen Hien Anh"]
[Result "0-1"]
[WhiteElo "1425"]
[BlackElo "1442"]
[PlyCount "70"]
[EventDate "2014.07.13"]
[EventType "swiss"]
[EventRounds "9"]
[EventCountry "VIE"]
[SourceTitle "EXT 2016"]
[Source "ChessBase"]
[SourceDate "2015.10.08"]
[SourceVersion "1"]
[SourceVersionDate "2015.10.08"]
[SourceQuality "1"]

1. e4 e5 2. Nf3 Nc6 3. Nc3 Nf6 4. Bc4 Bc5 5. h3 h6 6. d3 d6 7. Bd2 0-0 8. 0-0 Re8 9. Qc1 Be6 10. Bb3 d5 11. d4 exd4 12. exd5 dxc3 13. dxc6 cxd2 14. Nxd2 bxc6 15. Rd1 Qe7 16. Re1 Qd6 17. Re2 Bxb3 18. axb3 Rxe2 19. Nc4 Bxf2+ 20. Kf1 Qe6 21. Qd1 Re1+ 22. Qxe1 Bxe1 23. Rxe1 Qf5+ 24. Kg1 Ne4 25. Rf1 Qg5 26. Re1 Qf4 27. Ne3 Qf2+ 28. Kh2 Qg3+ 29. Kg1 Qxe1+ 30. Nf1 Ng3 31. c3 Qxf1+ 32. Kh2 Qf2 33. b4 Rd8 34. h4 Nf1+ 35. Kh3 Qg3# 0-1